000
00232 a2200097 4500
001
52515
100
_a
Mark M
245
_a
Thermodynamics: Principles and Applications
260
_a
Boston
_b
Allyn & Bacon
_c
090
_c
33002
_d
33002
942
_a
NUST-CAE
_c
M
_c
25562
999
_c
287588
_d
287588